Vida y hechos del Ingenioso Caballero Don Quixote de la Mancha (Record no. 2165)

MARC details
000 -CABECERA
campo de control de longitud fija 01608nam a2200301 a 4500
001 - NÚMERO DE CONTROL
campo de control BRCA_2424
005 - FECHA Y HORA DE LA ÚLTIMA TRANSACCIÓN
campo de control 20190320203812.0
008 - DATOS DE LONGITUD FIJA--INFORMACIÓN GENERAL
campo de control de longitud fija 131108s1777----sp-a---###---#000-0dspa-u
041 ## - CÓDIGO DE LENGUA
Código de lengua del texto/banda sonora o título independiente spa
044 ## - CÓDIGO DEL PAÍS DE LA ENTIDAD EDITORA/PRODUCTORA
Código MARC del país sp
084 ## - OTRO NÚMERO DE CLASIFICACIÓN
Número de clasificación 064
Número de documento/Ítem .S263
-- 1777
100 1# - ENTRADA PRINCIPAL--NOMBRE DE PERSONA
Nombre de persona Cervantes Saavedra, Miguel de
Fechas asociadas al nombre 1547-1616
9 (RLIN) 213
245 10 - MENCIÓN DE TÍTULO
Título Vida y hechos del Ingenioso Caballero Don Quixote de la Mancha
Mención de responsabilidad, etc. compuesto por Miguel de Cervantes Saavedra.
260 ## - PUBLICACIÓN, DISTRIBUCIÓN, ETC.
Lugar de publicación, distribución, etc. Madrid
Nombre del editor, distribuidor, etc. Antonio de Sancha
Fecha de publicación, distribución, etc. 1777
300 ## - DESCRIPCIÓN FÍSICA
Extensión 4 v.
Otras características físicas il.
Dimensiones 19 cm.
500 ## - NOTA GENERAL
Nota general Contenido : v 1. Primera parte. Dedicatoria de Cide Hamete Benengeli a D. Quijote. Versos preliminares. Prólogo del autor. Vida de Cervantes por Mayáns. Texto. -- v 2. Texto. -- v 3. Segunda parte. Composiciones poéticas atribuidas a Diego Torres Villaroel. Aprovación de la edición príncipe. Prólogo de Cervantes. Texto. -- v 4. Texto
500 ## - NOTA GENERAL
Nota general Edición : Nueva edición corregida e ilustrada con varias láminas finas y la vida del autor
500 ## - NOTA GENERAL
Nota general Reproducción de la edición LO-064, de Ibarra, con pequeñas variantes, pero inferior en el aspecto tipográfico. Lomeras adornadas con florones y filetes dorados Lúdovik Osterc
500 ## - NOTA GENERAL
Nota general QM53
650 14 - PUNTO DE ACCESO ADICIONAL DE MATERIA--TÉRMINO DE MATERIA
Término de materia o nombre geográfico como elemento de entrada Novela española
Subdivisión cronológica Época clásica, 1500-1700
9 (RLIN) 215
650 14 - PUNTO DE ACCESO ADICIONAL DE MATERIA--TÉRMINO DE MATERIA
Término de materia o nombre geográfico como elemento de entrada Literatura española
Subdivisión cronológica Época clásica, 1500-1700
9 (RLIN) 216
650 14 - PUNTO DE ACCESO ADICIONAL DE MATERIA--TÉRMINO DE MATERIA
Término de materia o nombre geográfico como elemento de entrada Novela española
Subdivisión cronológica Siglo XVII
9 (RLIN) 217
650 14 - PUNTO DE ACCESO ADICIONAL DE MATERIA--TÉRMINO DE MATERIA
Término de materia o nombre geográfico como elemento de entrada Don Quijote (Personaje ficticio)
Término indicativo de función/relación Novela
9 (RLIN) 218
700 1# - PUNTO DE ACCESO ADICIONAL--NOMBRE DE PERSONA
Nombre de persona Mayáns I Síscar, Gregorio
Fechas asociadas al nombre 1690-1781
Término indicativo de función/relación Biógrafo
9 (RLIN) 7106
740 0# - PUNTO DE ACCESO ADICIONAL--TÍTULO RELACIONADO O ANALÍTICO NO CONTROLADO
Título relacionado o analítico no controlado El Ingenioso Hidalgo Don Quijote de la Mancha
902 ## - CATALOGADOR
Iniciales QFM
942 ## - ELEMENTOS DE PUNTO DE ACCESO ADICIONAL (KOHA)
Fuente del sistema de clasificación o colocación Library of Congress Classification
Tipo de ítem Koha Libros
Holdings
Estado de retiro Estado de pérdida Estado dañado No para préstamo Localización permanente Ubicación/localización actual Fecha de adquisición Número de inventario Total de préstamos Signatura topográfica completa Código de barras Fecha visto por última vez Precio válido a partir de Tipo de ítem Koha
El ejemplar forma parte de la colección y puede ser consultado según las políticas vigentes.       Biblioteca del Museo Franz Mayer (Rogerio Casas-Alatriste) Biblioteca del Museo Franz Mayer (Rogerio Casas-Alatriste) 13/11/2008 QM53   064 .S263 1777 (QM53) 2421 22/03/2019 22/03/2019 Libros